000
00207nam a2200097Ia 4500
008
240331s9999 xx 000 0 und d
082
_a
303.6
_b
SOM
100
_a
MIRJE
245
0
_a
Someone lse's war
942
_c
L
999
_c
1293
_d
1293